000 00421nam a2200193Ia 4500
008 210210b1957 xxu||||| |||| 00| 0 eng d
041 _aeng
082 _a534/28
100 _aCOOK (J Gordon)
245 _aWe live by the sun
260 _aLondon
_bGeorge G Harrap & Co Ltd.
_c1957
300 _a192
650 _aWe
650 _asun
650 _alive
650 _aby
690 _aPhysics
906 _a008516
999 _c126351
_d126351